Available copies
- 2 of 2 copies available at LARL/NWRL Consortium.
- 2 of 2 copies available at Lake Agassiz Regional Library. (Show preferred library)
Current holds
1 current hold with 2 total copies.
View other formats and editions
Show Only Available Copies
| Location | Call Number / Copy Notes | Barcode | Shelving Location | Status | Due Date |
|---|---|---|---|---|---|
| Bagley Public Library | 920 SMI (Text) | 33500012808333 | Main | Available | - |
| Moorhead Public Library | 920 SMI (Text) | 33500012808341 | Main | Available | - |
Record details
- ISBN: 9780062873743
- ISBN: 0062873741
- Physical Description: xiii, 365 pages : illustrations (some color) ; 24 ... Read More
- Edition: Illustrated edition.
- Publisher: New York, NY : Ecco, an imprint of HarperCollinsPublishers, [2018]
- Copyright: ©2018
Content descriptions
| Formatted Contents Note: | Patti Smith -- Robert Mapplethorpe. |
| Summary, etc.: | Patti's Smith's exquisite prose is generously ... Read More |
Search for related items by subject
| Genre: | Biographies. |
| LDR | 02327cam a2200457Ii 4500 | ||
|---|---|---|---|
| 001 | 286996 | ||
| 003 | LARL_NWRL_CONSORTIUM | ||
| 005 | 20181109192238.0 | ||
| 008 | 181019r20182010nyua 000 0ceng d | ||
| 010 | . | ‡abl2018183425 | |
| 040 | . | ‡aNjBwBT ‡cOQX ‡dOQX ‡dWZW ‡dJTH ‡dFMG ‡dUOK ‡dIK2 | |
| 020 | . | ‡a9780062873743 | |
| 020 | . | ‡a0062873741 | |
| 035 | . | ‡a(OCoLC)1057409817 | |
| 043 | . | ‡an-us--- | |
| 082 | 0 | 4. | ‡a782.42166/092 ‡aB ‡223 |
| 100 | 1 | . | ‡aSmith, Patti, ‡eauthor. ‡0(LARL_NWRL_CONSORTIUM)182269 |
| 245 | 1 | 0. | ‡aJust kids / ‡cPatti Smith. |
| 250 | . | ‡aIllustrated edition. | |
| 264 | 1. | ‡aNew York, NY : ‡bEcco, an imprint of HarperCollinsPublishers, ‡c[2018] | |
| 264 | 4. | ‡c©2018 | |
| 300 | . | ‡axiii, 365 pages : ‡billustrations (some color) ; ‡c24 cm | |
| 336 | . | ‡atext ‡2rdacontent | |
| 337 | . | ‡aunmediated ‡2rdamedia | |
| 338 | . | ‡avolume ‡2rdacarrier | |
| 520 | . | ‡aPatti's Smith's exquisite prose is generously illustrated in this full-color edition of her classic coming-of-age memoir, Just Kids. New York locations vividly come to life where, as young artists, Patti Smith and Robert Mapplethorpe met and fell in love: a first apartment in Brooklyn, Times Square with John and Yoko's iconic billboard, Max's Kansas City, or the gritty fire escape of the Hotel Chelsea. The extraordinary people who passed through their lives are also pictured: Sam Shepard, Harry Smith, William Burroughs, Allen Ginsberg. Along with never-before-published photographs, drawings, and ephemera, this edition captures a moment in New York when everything was possible. And when two kids seized their destinies as artists and soul mates in this inspired story of love and friendship. | |
| 505 | 0 | . | ‡aPatti Smith -- Robert Mapplethorpe. |
| 600 | 1 | 0. | ‡aSmith, Patti. ‡0(LARL_NWRL_CONSORTIUM)182269 |
| 600 | 1 | 0. | ‡aMapplethorpe, Robert. ‡0(LARL_NWRL_CONSORTIUM)5810 |
| 610 | 2 | 0. | ‡aChelsea Hotel ‡vBiography. |
| 650 | 0. | ‡aWomen rock musicians ‡zUnited States ‡vBiography. | |
| 650 | 0. | ‡aPhotographers ‡zUnited States ‡vBiography. ‡0(LARL_NWRL_CONSORTIUM)166702 | |
| 650 | 0. | ‡aWomen poets ‡y20th century ‡vBiography. | |
| 650 | 0. | ‡aPoets, American ‡y20th century ‡vBiography. ‡0(LARL_NWRL_CONSORTIUM)166704 | |
| 650 | 0. | ‡aArtists ‡zNew York (State) ‡zNew York ‡vBiography. | |
| 650 | 0. | ‡aMusicians ‡zNew York (State) ‡zNew York ‡vBiography. | |
| 651 | 0. | ‡aNew York (N.Y.) ‡vBiography. ‡0(LARL_NWRL_CONSORTIUM)166441 | |
| 655 | 7. | ‡aBiographies. ‡2lcgft | |
| 901 | . | ‡a286996 ‡bOCoLC ‡c286996 ‡tbiblio ‡soclc | |

Add to basket
Permalink
Disable Highlighting